000 00556nam a2200193 a 4500
001 1754970809845
003 YourLibrary
005 20250812111416.0
008 250812s2001##################000#0#eng##
020 _a9780792375135
082 0 4 _a006.7
_bGUO
100 1 _aGuo, Ju,
_eauthor.
245 1 0 _aSemantic Video Object Segmentation for Content-Based Multimedia Applications :
260 _bSpringer Science & Business Media,
_c2001.
300 _a144 pages
650 0 _aComputers.
942 _cENGLISH
040 _aYourLibrary
_beng
_cYourLibrary
999 _c580799
_d580799